000 00782nam a2200229Ii 4500
003 JO-AjNU
008 230605s9999||||xx |||||||||||||| ||und||
017 _a2012/8/3023
020 _a978-9957-90-024-3
040 _aJO-AjNU
_bara
_erda
_cJO-AjNU
041 _aara
050 1 4 _aBF311 2013
100 3 _aتاليف الهيلات، مصطفى قسيم,
_eauthor
_950110
245 0 0 _aكيف تكون مفكرا ناقدا لامعا
250 _aط1
264 3 1 _aعمان: مركز ديبونو لتعليم التفكير، 2013
300 _a146ص
_bيشتمل على ملاحق من ص(109-145)
336 _atext
_btxt
_2rdacontent
337 _aunmediated
_bn
_2rdamedia
338 _avolume
_bnc
_2rdacarrier
650 4 _aعلم النفس الاجتماعي
_950111
999 _aA22052
_c25620
_d25620